NLSUI OPAC header image

Income tax ready reckoner assessment year 1999-2000 (Record no. 13532)

MARC details
000 -LEADER
fixed length control field 00434nam a2200157Ia 4500
008 - FIXED-LENGTH DATA ELEMENTS--GENERAL INFORMATION
fixed length control field 160316s1999 xxu||||| |||| 00| 0 eng d
082 ## - DEWEY DECIMAL CLASSIFICATION NUMBER
Classification number 343.052000
Item number MEH
100 ## - MAIN ENTRY--PERSONAL NAME
Personal name Mehta V G
245 ## - TITLE STATEMENT
Title Income tax ready reckoner assessment year 1999-2000
250 ## - EDITION STATEMENT
Edition statement
260 ## - PUBLICATION, DISTRIBUTION, ETC.
Place of publication, distribution, etc. Mumbai
Name of publisher, distributor, etc. Kuber Publishing House
Date of publication, distribution, etc. 1999
300 ## - PHYSICAL DESCRIPTION
Extent 352p
Other physical details
Dimensions
365 ## - TRADE PRICE
Price amount Rs.280
650 ## - SUBJECT ADDED ENTRY--TOPICAL TERM
Topical term or geographic name entry element 1. Income Tax - Ready Reckoner - 1999 - 2000
700 ## - ADDED ENTRY--PERSONAL NAME
Personal name
--
Holdings
Withdrawn status Lost status Damaged status Not for loan Home library Current library Shelving location Date acquired Cost, normal purchase price Total Checkouts Full call number Barcode Date last seen Price effective from Koha item type
        . .   30.05.2017 280.00   343.052 MEH 13882 14.06.2024 30.05.2017 BOOKs